LEADER 01112nam a2200253 i 4500 001 000000172688 003 CaOOAMICUS 005 20240405101330.0 008 080620s1965 it u000 u ita u 013 $a150131 040 $aSeMil$bita 245 13$aLe pił belle pagine della letteratura polacca /$ca cura di Marina Bersano Begey. 260 $aMilano :$bNuova accademia editrice,$ccopyr. 1965. 300 $a348 p., [8] p. di tav. ;$c22 cm. 490 0 $aPagine delle letterature di tutto il mondo 500 $aContiene : Nota bibliografica. 650 4$aLetteratura polacca.$0(OLS)http://semarc/subject/55416 700 1 $aBersano-Begey, Marina,$d<1907-1992>.$0(OLS)http://semarc/name/15505 830 0$aPagine delle letterature di tutto il mondo.$0(OLS)http://semarc/title/25898 850 $aSeMil 852 $aSeMil$W1$xVenegono$y1$m1R V 46$j257862$B123542$CSeMilBibl$Z2$F134655 $81 996 $6245$aLe pił belle pagine della letteratura polacca$9(OLS)http://semarc/title/247345 996 $6260$aMilano :$bNuova accademia editrice$9(OLS)http://semarc/publisher/31675 LEADER 00899nas a2200193 i 4500 001 000000014829 003 CaOOAMICUS 005 20180830125442.0 008 180830n it u0 ita u 040 $aSeMil$bita 245 10$aBiblioteca di scrittori italiani /$cdiretta da Dante Isella e Giovanni Pozzi. 260 $aParma :$bGuanda,$c[198.] 300 $av. ;$c20 cm. 700 1 $aIsella, Dante ,$d<1922-2007>.$0(OLS)http://semarc/name/1198 700 1 $aPozzi, Giovanni,$c.$0(OLS)http://semarc/name/6939 774 0 $aVillani, Giovanni <1280?-1348>$tNuova cronica.$d[S.l.] : Fondazione Pietro Bembo, [199?]$w()16115 774 0 $aFrugoni, Francesco Fulvio$tTribunal della critica.$d[S.l.] : Fondazione Pietro Bembo, 2001.$w()17524 996 $6245$aBiblioteca di scrittori italiani$9(OLS)http://semarc/title/19647 996 $6260$aParma :$bGuanda$9(OLS)http://semarc/publisher/31392